Իրաւունք ծուլանալու : (Record no. 541564)
[ view plain ]
| 000 -LEADER | |
|---|---|
| fixed length control field | 02962nam a2200265 a 4500 |
| 003 - CONTROL NUMBER IDENTIFIER | |
| control field | AM-YEHGA |
| 005 - DATE AND TIME OF LATEST TRANSACTION | |
| control field | 20260309164109.0 |
| 008 - FIXED-LENGTH DATA ELEMENTS--GENERAL INFORMATION | |
| fixed length control field | 260213s1893 gr c|||gr 000 0 arm d |
| 040 ## - CATALOGING SOURCE | |
| Original cataloging agency | AM-YeHGA |
| 041 1# - LANGUAGE CODE | |
| Language code of text/sound track or separate title | arm |
| 001 - CONTROL NUMBER | |
| control field | 2049876 |
| 100 1# - MAIN ENTRY--PERSONAL NAME | |
| Personal name | Լաֆարգ, Պօլ |
| 245 10 - TITLE STATEMENT | |
| Title | Իրաւունք ծուլանալու : |
| Remainder of title | Հերքում 1848-ի «Աշխատելու օրէնքին» : Թարգմանութիւն / |
| Statement of responsibility, etc. | Պօլ Լաֆարգ; Հրատարակութիւն Հնչակեան կուսակցութեան. |
| 260 ## - PUBLICATION, DISTRIBUTION, ETC. | |
| Place of publication, distribution, etc. | Աթէնք : |
| Name of publisher, distributor, etc. | տպ. Հայկական ազատ, |
| Date of publication, distribution, etc. | 1893. |
| 300 ## - PHYSICAL DESCRIPTION | |
| Extent | (12 գիրք մեկ կազմի մեջ ) ; XV, 59 էջ : |
| Other physical details | դիմանկար ; |
| Dimensions | 19 սմ. |
| 440 #0 - SERIES STATEMENT/ADDED ENTRY--TITLE | |
| Title | Սօցիալիստական գրադարան |
| 500 ## - GENERAL NOTE | |
| General note | Հեղինակի պատկերով եւ մէկ առաջաբանով «Հնչակի»-ի խմբագրութեան կողմից : |
| 500 ## - GENERAL NOTE | |
| General note | Շարվածքը՝ 15x10 սմ: |
| 500 ## - GENERAL NOTE | |
| General note | Շապիկին և տիտղոսաթերթին՝ Հրատարակութիւն Հնչակեան կուսակցութեան N 8: |
| 500 ## - GENERAL NOTE | |
| General note | Ալիգ 7 |
| 501 ## - WITH NOTE | |
| With note | Մեկ կազմի մեջ՝ Ծրագիր սօսիալ դէմօքրաթ Հնչակեան կուսակցութեան : (Տաճկաստանի համար) / Կ. Պօլիս: Ա. հ.։ 1910։ - Ալիգ 1 ; Հողատիրական հարցեր / Ս․Ս․ Գ․։ Ա․ տ․։ Ա․ հ․։ 1909։ - Ալիգ 2 ; Ծրագիր Հնչակեան կուսակցութեան ։ (Տաճկաստանի համար) / Կ․ Պօլիս։ Ա․հ․։ 1908։ - Ալիգ 3 ; Կազմական կանոնագիր Հնչակեան կուսակցութեան ։ Տաճկաստանի մասնաճիւղերու / Կ․ Պոլիս։ Ա․հ․։ 1908։ - Ալիգ 4 ; Հերդեր եւ իր քաղաքական հայեացքները / Ս. Սապահ-Գիւլեան։ Կ. Պոլիս: տպ. Տ. Տօղրամաճեան։ 1909։ - Ալիգ 5 ; Բռնութեան դէմ : Գաղատիայի դատավարութիւն / Թորոս։ Աթէնք: տպ. Հնչակի։ 1894։ - Ալիգ 6 ; Սահմանադրութեան էութեան մասին / Ֆ. Լասսալ։ Աթէնք: Հայկական ազատ տպարան։ 1893։ - Ալիգ 8 ; Հայերն Ամերիկայում / Ակն-եանց։ Աթէնք: տպ. Հայկական ազատ: 1893։ - Ալիգ 9 ; Ով ինչով է ապրում / Ս. Դիկշտէյն։ Լօնդօն: տպ. Հայկական ազատ։ 1891։ - Ալիգ 10 ; Գարիբալդի : Իր կեանքի պատմութիւնը : Թարգմ. իտալերէնից՝ Հ.Խ.։ Լօնդօն: տպ. Հնչակի։ 1895։ - Ալիգ 11 ; ممالک عثمانیه سوسیال ده موقرات هنچاقیان جمعیتی نظامنامۀ اساسیسی (Programme) / سعادت: S.n.: 1907 [1325 ه. ق]: - Ալիգ 12 |
| 650 14 - SUBJECT ADDED ENTRY--TOPICAL TERM | |
| Topical term or geographic name entry element | Իրավունք |
| 710 2# - ADDED ENTRY--CORPORATE NAME | |
| Corporate name or jurisdiction name as entry element | Հնչակեան կուսակցութիւն |
| Relator term | հրատ |
| 9 (RLIN) | 4544 |
| 942 ## - ADDED ENTRY ELEMENTS (KOHA) | |
| Source of classification or shelving scheme | Universal Decimal Classification |
| Koha item type | Գրքեր / Books |
No items available.
ՀՀ Գիտությունների ազգային ակադեմիայի հիմնարար գիտական գրադարան = Fundamental Scientific Library of NAS RA
All site content, except where otherwise noted, is licensed under a